Harry Potter Click Quiz 2 - Statistics

General Stats
  • This quiz has been taken 27 times
  • The average score is 20 of 51
Answer Stats
Hint Answer % Correct
The Main Character Harry Potter
100%
His School Hogwarts
100%
His House Gryffindor
88%
It's founder's first name Godric
75%
Neighborhood named after the founder Godric's Hollow
75%
His real name Tom Marvolo Riddle
75%
His most used spell Avada Kedavra
63%
In which who dies? Cedric Diggory
63%
Snake impersonating this person Nagini
63%
Which is used to determine the champions for what Tri-Wizard Tournament
63%
Author who died there Bathilda Bagshot
50%
Who was dating Cho Chang
50%
Who invites the main characters to his Deathday Party
50%
Which is first mentioned first in which book? Goblet of Fire
50%
Who is Gryffindor's ghost Nearly Headless Nick
50%
Which house is this person in? Ravenclaw
50%
Whose founder's first name is Rowena
50%
Who annoys (specifically) Argus Filch
38%
The two others who may have done it Gellert and Aberforth
38%
Who came back as a... Ghost
38%
Whose daughter was named Helena
38%
Its master Lord Voldemort
38%
To which which poltergeist is invited Peeves
38%
Whose leader is Albus Dumbledore
25%
Who succeeded (who was caretaker before this person) Appollyon Pringle
25%
Who whipped Arthur Weasley
25%
Who became a follower of the villain, which is called a Death Eater
25%
Which protects you from what Dementors
25%
Who else said this in the second book Draco Malfoy
25%
Whose brothers were Fabian and Gideon
25%
In which, which girl almost died Ginny Weasley
25%
One of which (the brother) has a patronus in the form of a what? Goat
25%
The town in which this is located Hogsmeade
25%
When you split the previous and put it in an object, it is called a what Horcrux
25%
Whose sister is Lily Evans
25%
Who married Molly Prewett
25%
Who called her a Mudblood
25%
3 of which tortured whose parents into insanity Neville Longbottom
25%
Whose what is a horse Patronus
25%
Where students may go if they have a Permission Slip
25%
Whose wife's name is Petunia
25%
Whose first wizarding friend was Severus Snape
25%
Who may or may not have accidently killed his Sister
25%
Which can suck out your what Soul
25%
Which also killed which other snake? The Basilisk
25%
Which was found in which book The Chamber of Secrets
25%
Even though his pub is called The Hog's Head
25%
Who were members of The Order of the Phoenix
25%
Who used what to kill the villain's snake The Sword of Gryffindor
25%
The other bar/pub in this town The Three Broomsticks
25%
And who didn't sign the main character's (At his home)? Vernon Dursley
25%
No matching quizzes found
Score Distribution
Percent of People with Each Score
Percentile by Number Answered
Your Score History
You have not taken this quiz